Wybory do Sejmu 2023 - Statystyki

Ogólne statystyki
  • Ten quiz został rozwiązany 71 razy
  • Średni wynik to 7 z 12
Statystyki odpowiedzi
Miejsce Komitet Wyborczy Poparcie (%) Miejsca w Sejmie % Poprawnych
2 Koalicja Obywatelska (PO+.N+IPL+Zieloni) 30,70 % 157
100%
5 Konfederacja Wolność i Niepodległość 7,16% 18
100%
4 Nowa Lewica 8,61 % 26
100%
1 Prawo i Sprawiedliwość 35,38 % 194
100%
3 Trzecia Droga (PL2050+PSL) 14,40 % 65
88%
6 Bezpartyjni Samorządowcy 1,86 % 0
54%
8 Mniejszość Niemiecka 0,12 % 0
42%
7 Polska Jest Jedna 1,63 % 0
33%
9 Ruch Dobrobytu i Pokoju 0,12 % 0
23%
10 Normalny Kraj 0,02 % 0
15%
12 Ruch Naprawy Polski <0,01 % 0
10%
11 Antypartia 0,01 % 0
8%
Nie znaleziono quizów pasujących do podanych kryteriów
Rozkład punktacji
Procent ludzi z każdym wynikiem
Percentyl według liczby udzielonych odpowiedzi
Twoja historia wyników
Nie rozwiązałeś tego quizu